Country questions - Statistics

General Stats
  • This quiz has been taken 3 times
  • The average score is 10 of 15
Answer Stats
Hint Answer % Correct
Name after an explorer Columbia
100%
Name before Istanbul Constantinopel
100%
South american nation that got colonised by Uk Guyana
100%
Wants to join Romania Moldova
100%
Is the only nation with stan that is not in central asia Pakistan
100%
Borders germany and russia Poland
100%
Capital of trinidad and tobago Port of Spain
100%
Country Aserbajdsjan hates Armenia
67%
Leader of prussia Otto Von Bismarck
67%
Has their own language as not the most popular Belarus
33%
The biggest explosion ever Chernobyl Disaster
33%
The biggest empire Mongolian Empire
33%
A popular painter that is dutch Vincent Van Goth
33%
Caribbian tradision Voodoo
33%
Capital of kos Ziri
33%
No matching quizzes found
Score Distribution
Percent of People with Each Score
Percentile by Number Answered
Your Score History
You have not taken this quiz